| 000 | 00950na a2200277 4500 | ||
|---|---|---|---|
| 001 | 20467 | ||
| 003 | MIRAKIL | ||
| 005 | 20181213155134.0 | ||
| 008 | 170120b tu 000 0 | ||
| 020 | _a9753953542 | ||
| 040 |
_aMilas _btur _cTR-AnCHP |
||
| 041 | _atur | ||
| 082 |
_a551.5 _bM37 1999 |
||
| 090 | _a551.5 M37 1999 | ||
| 245 |
_aMeteoroloji karakterli doğal afetler ve meteorolojik önlemler _cTMMOB Meteoroloji Mühendisleri Odası |
||
| 260 |
_aAnkara _bTMMOB Meteoroloji Mühendisleri Odası _c1999 |
||
| 300 |
_a62 s. _bres. _c24 sm. |
||
| 504 | _aKaynakça var. | ||
| 650 |
_aDoğal afetler _xDeprem _yÖnlemler |
||
| 650 |
_aDoğal afetler _xÇığ _yÖnlemler |
||
| 650 |
_aDoğal afetler _xSel _yÖnlemler |
||
| 650 |
_aDoğal afetler _xMeteorolojik önlemler |
||
| 650 |
_aMeteoroloji _xDoğal afetler _yÖnlemler |
||
| 710 | _aTürk Mühendis ve Mimar Odaları Birliği Meteoroloji Mühendisleri Odası | ||
| 942 |
_2ddc _cBKS |
||
| 999 |
_c7284 _d7284 |
||